| 000 | 00917cam a22002775a 4500 | ||
|---|---|---|---|
| 001 | 19422881 | ||
| 005 | 20171119120119.0 | ||
| 008 | 161227t2017 ne a frb 001 0 eng d | ||
| 010 | _a 2016963524 | ||
| 020 | _a9780323527279 | ||
| 040 |
_aDLC _beng _cDLC _dEG-ScBUE |
||
| 082 | 0 | 4 |
_a615.19 _bNAN _222 |
| 245 | 0 | 0 |
_aNano- and microscale drug delivery systems : _bdesign and fabrication / _cedited by Alexandru Mihai Grumezescu. |
| 246 | 3 | 0 | _aDrug delivery systems |
| 260 |
_aAmsterdam : _bElsevier, _cc.2017. |
||
| 300 |
_axxi, 491 p. : _bill. ; _c28 cm. |
||
| 504 | _aIncludes bibliographical references and index. | ||
| 650 | 7 |
_aNanomedicine. _2BUEsh _94192 |
|
| 650 | 7 |
_aMicrotechnology. _2BUEsh _95977 |
|
| 650 | 7 |
_aDrug delivery systems. _2BUEsh _936090 |
|
| 651 | _2BUEsh | ||
| 653 |
_bPPhrm _cNovember2017 |
||
| 655 |
_vText book _933728 |
||
| 700 | 1 |
_aGrumezescu, Alexandru Mihai, _eeditor. |
|
| 942 | _2ddc | ||
| 999 |
_c25610 _d25582 |
||